[Event "Mediterranean zonal 5 (w)"]
[Site "Sparta GRE"]
[Date "1991.??.??"]
[Round "6"]
[White "Giaidzi, Aspasia"]
[Black "Maksimovic, Suzana"]
[Result "0-1"]
[WhiteElo "1985"]
[BlackElo "2290"]
[EventDate "1991.??.??"]
[PlyCount "86"]

1.e4 c5 2.Nf3 Nc6 3.d4 cxd4 4.Nxd4 e5 5.Nb5 d6 6.N1c3 a6 7.Na3 b5 8.Nd5 
Nce7 9.Bg5 Be6 10.c4 f6 11.Be3 Nxd5 12.exd5 Bd7 13.cxb5 f5 14.f3 f4 15.Bf2
axb5 16.Nxb5 Nf6 17.Nc3 Qa5 18.Qd2 g5 19.Bc4 Be7 20.Ne4 Nxe4 21.Qxa5 Rxa5 
22.fxe4 g4 23.Kd2 h5 24.Rhc1 h4 25.b4 Ra3 26.Rc3 Ra4 27.a3 g3 28.hxg3 hxg3
29.Bg1 Rh1 30.Rcc1 Bg5 31.Kd3 f3 32.Be3 Rxc1 33.Bxc1 Bxc1 34.Rxc1 Rxa3+ 
35.Kd2 f2 36.b5 Ra4 37.Kc3 Bh3 38.b6 Ra8 39.Bf1 Bc8 40.Bb5+ Kd8 41.Bc6 Rb8
42.Rb1 Ba6 43.Bb5 Rxb6 0-1

[Event "Mediterranean zonal 5 (w)"]
[Site "Sparta GRE"]
[Date "1991.??.??"]
[Round "6"]
[White "Ipek, Nilufer"]
[Black "Petek, Mirjana"]
[Result "0-1"]
[WhiteElo "2065"]
[BlackElo "2225"]
[EventDate "1991.??.??"]
[PlyCount "54"]

1.e4 e6 2.d4 d5 3.Nc3 Bb4 4.exd5 exd5 5.Bd3 Nc6 6.a3 Be7 7.Nge2 Bf6 8.Be3 
Nge7 9.Qd2 Be6 10.Ng3 g6 11.Nce2 Qd7 12.c3 h5 13.h4 O-O-O 14.Nf4 Bf5 15.
Be2 Na5 16.Qd1 Nc4 17.Bd2 Rde8 18.Nxf5 Nxf5 19.g3 g5 20.hxg5 Bxg5 21.b3 
Nxd2 22.Qxd2 h4 23.Rg1 hxg3 24.Kd1 Rh4 25.fxg3 Nxg3 26.Rxg3 Bxf4 27.Qe1 
Bxg3 0-1

[Event "Mediterranean zonal 5 (w)"]
[Site "Sparta GRE"]
[Date "1991.??.??"]
[Round "6"]
[White "Makropoulou, Marina"]
[Black "Vuksanovic, Sanja"]
[Result "0-1"]
[WhiteElo "2290"]
[BlackElo "2200"]
[EventDate "1991.??.??"]
[PlyCount "48"]

1.e4 e6 2.d4 d5 3.Nc3 Nf6 4.Bg5 dxe4 5.Nxe4 Nbd7 6.Nxf6+ Nxf6 7.Nf3 h6 8.
Bh4 Be7 9.Bd3 c5 10.O-O cxd4 11.Nxd4 O-O 12.Re1 Qb6 13.Nf5 exf5 14.Rxe7 g5
15.Qd2 gxh4 16.h3 Kg7 17.Rae1 Qd6 18.Qc3 Bd7 19.Qc4 Rae8 20.Rxe8 Rxe8 21.
Rxe8 Nxe8 22.Qxh4 Nf6 23.Qc4 Qe5 24.Qb4 Bc6 0-1

[Event "Mediterranean zonal 5 (w)"]
[Site "Sparta GRE"]
[Date "1991.??.??"]
[Round "6"]
[White "Maric, Mirjana"]
[Black "Petraki, Maria"]
[Result "1-0"]
[WhiteElo "2245"]
[BlackElo "2035"]
[EventDate "1991.??.??"]
[PlyCount "67"]

1.e4 e6 2.d4 d5 3.Nc3 Bb4 4.e5 c5 5.a3 Bxc3+ 6.bxc3 Ne7 7.Qg4 Qc7 8.Qxg7 
Rg8 9.Qxh7 cxd4 10.Ne2 Nbc6 11.f4 Bd7 12.Qd3 dxc3 13.Nxc3 Nf5 14.Nb5 Qd8 
15.g3 Rc8 16.Rb1 a6 17.Nd6+ Nxd6 18.exd6 Na5 19.Qh7 Rf8 20.Bd2 Nc4 21.Bxc4
Rxc4 22.Rxb7 Qf6 23.c3 Re4+ 24.Kf2 Kd8 25.Qh5 Rh8 26.Qg5 Qxg5 27.fxg5 Rh5 
28.h4 Rh7 29.Be3 e5 30.Bb6+ Kc8 31.Rc7+ Kd8 32.Ra7+ Kc8 33.Rc7+ Kd8 34.Rb1
1-0

[Event "Mediterranean zonal 5 (w)"]
[Site "Sparta GRE"]
[Date "1991.??.??"]
[Round "6"]
[White "Markovic, Gordana"]
[Black "Causon, Muriel"]
[Result "1-0"]
[WhiteElo "2260"]
[BlackElo "1895"]
[EventDate "1991.??.??"]
[PlyCount "49"]

1.e4 e5 2.Nf3 Nc6 3.Bc4 Bc5 4.c3 d6 5.O-O Nf6 6.d3 h6 7.b4 Bb6 8.a4 a6 9.
Nbd2 O-O 10.Bb3 Qe7 11.Nc4 Ba7 12.b5 axb5 13.axb5 Nd8 14.b6 d5 15.Rxa7 Rb8
16.Ba3 c5 17.Ncxe5 Be6 18.exd5 Nxd5 19.Bxd5 Bxd5 20.d4 Qe6 21.Bxc5 Re8 22.
Re1 Qf5 23.c4 Be4 24.Ra3 Qf4 25.g3 1-0

[Event "Mediterranean zonal 5 (w)"]
[Site "Sparta GRE"]
[Date "1991.??.??"]
[Round "7"]
[White "Causon, Muriel"]
[Black "Maric, Mirjana"]
[Result "0-1"]
[WhiteElo "1895"]
[BlackElo "2245"]
[EventDate "1991.??.??"]
[PlyCount "56"]

1.d4 Nf6 2.c4 e6 3.Nc3 Bb4 4.Nf3 c5 5.e3 d5 6.a3 cxd4 7.exd4 Bxc3+ 8.bxc3 
O-O 9.Bd3 Qc7 10.Ne5 dxc4 11.Bxc4 b5 12.Bxb5 Qxc3+ 13.Bd2 Qxd4 14.Nf3 Qe4+
15.Qe2 Bb7 16.Bc3 Qxe2+ 17.Kxe2 Nd5 18.Bd2 a6 19.Bc4 Nd7 20.Rac1 N7b6 21.
Bb3 a5 22.Nd4 a4 23.Bxd5 Nxd5 24.Rb1 Ba6+ 25.Ke1 Rab8 26.Rc1 Rfc8 27.f3 
Rb2 28.Rxc8+ Bxc8 0-1

[Event "Mediterranean zonal 5 (w)"]
[Site "Sparta GRE"]
[Date "1991.??.??"]
[Round "7"]
[White "Kondou, Eva"]
[Black "Makropoulou, Marina"]
[Result "0-1"]
[WhiteElo "2175"]
[BlackElo "2290"]
[EventDate "1991.??.??"]
[PlyCount "152"]

1.e4 c5 2.Nf3 Nc6 3.Bb5 g6 4.O-O Bg7 5.c3 a6 6.Bxc6 dxc6 7.d4 cxd4 8.cxd4 
Bg4 9.Nc3 Bxf3 10.Qxf3 Qxd4 11.Rd1 Qc4 12.Bf4 Nf6 13.e5 Nh5 14.Bg5 h6 15.
Be3 Bxe5 16.Rac1 Qe6 17.Re1 Qf5 18.Qe2 Nf6 19.Bd4 Bd6 20.Ne4 Nxe4 21.Bxh8 
Nc5 22.Rcd1 Ne6 23.Be5 Bb4 24.Rf1 Nf4 25.Bxf4 Qxf4 26.g3 Qf6 27.Rd3 Bd6 
28.Rfd1 Kf8 29.Rb3 Rb8 30.Qe3 Kg7 31.Qe4 h5 32.h4 Kg8 33.Rdd3 Bc5 34.Rf3 
Qd4 35.Qxd4 Bxd4 36.Rfd3 e5 37.Rd2 b5 38.a4 c5 39.axb5 axb5 40.Rc2 Rb6 41.
Ra3 Kg7 42.b3 b4 43.Ra5 Rf6 44.Kg2 e4 45.Re2 Rf3 46.Rxe4 Rxf2+ 47.Kh3 Rb2 
48.Ra7 g5 49.hxg5 Bg1 50.g4 Rh2+ 51.Kg3 h4+ 52.Kf4 Rf2+ 53.Ke5 h3 54.Re3 
h2 55.Rh3 Re2+ 56.Kf5 Re3 57.Rh5 Rf3+ 58.Ke4 Re3+ 59.Kf5 Rf3+ 60.Ke4 Re3+ 
61.Kf4 Re8 62.Kf3 c4 63.Rb7 c3 64.Rc7 Bd4 65.g6 Re3+ 66.Kf4 Re1 67.Rxf7+ 
Kxg6 68.Rfh7 Be3+ 69.Kf3 c2 70.Rc7 c1=Q 71.Rxc1 Bxc1 72.Rxh2 Re3+ 73.Kf2 
Rxb3 74.Rh5 Bg5 75.Rh8 Bf6 76.Rb8 Rb1 0-1

[Event "Mediterranean zonal 5 (w)"]
[Site "Sparta GRE"]
[Date "1991.??.??"]
[Round "7"]
[White "Maksimovic, Suzana"]
[Black "Ipek, Nilufer"]
[Result "1-0"]
[WhiteElo "2290"]
[BlackElo "2065"]
[EventDate "1991.??.??"]
[PlyCount "73"]

1.d4 Nf6 2.c4 g6 3.Nc3 Bg7 4.e4 d6 5.Bd3 e5 6.d5 a5 7.a3 O-O 8.Nge2 Nh5 9.
Be3 f5 10.f3 f4 11.Bf2 Qg5 12.Rg1 Nd7 13.Nb5 Qd8 14.b4 Rf7 15.c5 Bf8 16.
Rc1 Ndf6 17.Nec3 Ne8 18.Bc4 Kh8 19.Na4 axb4 20.axb4 Rg7 21.Nb2 Nhf6 22.Ra1
Rxa1 23.Qxa1 c6 24.Nc3 Nd7 25.Nd3 g5 26.h3 Nef6 27.Ke2 h5 28.Qa8 cxd5 29.
Bxd5 Qc7 30.Nb5 Qb8 31.Ra1 dxc5 32.bxc5 Re7 33.Nd6 Nxd5 34.exd5 e4 35.fxe4
Bg7 36.Qxb8 Nxb8 37.Ra8 1-0

[Event "Mediterranean zonal 5 (w)"]
[Site "Sparta GRE"]
[Date "1991.??.??"]
[Round "7"]
[White "Petraki, Maria"]
[Black "Botsari, Anna-Maria"]
[Result "0-1"]
[WhiteElo "2035"]
[BlackElo "2285"]
[EventDate "1991.??.??"]
[PlyCount "66"]

1.d4 Nf6 2.e3 e6 3.Bd3 c5 4.c3 b6 5.Qe2 Bb7 6.f4 Qc7 7.Nf3 Be7 8.O-O d5 9.
Ne5 O-O 10.Rf3 Ne4 11.Rh3 g6 12.Nd2 Nd7 13.Ndf3 f5 14.Nxd7 Qxd7 15.Ne5 Qc7
16.Bd2 Bf6 17.Rf1 a6 18.Be1 Bg7 19.Bh4 Rfe8 20.Bxe4 dxe4 21.g4 b5 22.Rg3 
Bd5 23.b3 cxd4 24.exd4 Qa7 25.Qf2 Rac8 26.Bg5 Rf8 27.gxf5 Rxf5 28.Ng4 b4 
29.Nh6+ Kh8 30.Nxf5 exf5 31.Rc1 Kg8 32.Qd2 bxc3 33.Rgxc3 Qxd4+ 0-1

[Event "Mediterranean zonal 5 (w)"]
[Site "Sparta GRE"]
[Date "1991.??.??"]
[Round "7"]
[White "Petek, Mirjana"]
[Black "Markovic, Gordana"]
[Result "0-1"]
[WhiteElo "2225"]
[BlackElo "2260"]
[EventDate "1991.??.??"]
[PlyCount "134"]

1.c4 e5 2.g3 Nc6 3.Bg2 f5 4.Nc3 Nf6 5.Nh3 g6 6.O-O Bg7 7.Rb1 a5 8.d3 O-O 
9.a3 Nd4 10.e3 Ne6 11.d4 e4 12.f4 d5 13.c5 b6 14.cxb6 cxb6 15.Rf2 Ba6 16.
Bf1 Bxf1 17.Rxf1 Qd7 18.Qe2 Rfc8 19.Bd2 Nc7 20.Rfc1 Nfe8 21.Nf2 Nd6 22.
Nfd1 b5 23.b3 Bf8 24.Rc2 Nb7 25.a4 b4 26.Na2 Ne6 27.Rbc1 Rxc2 28.Rxc2 Rc8 
29.Be1 Nd6 30.Rxc8 Qxc8 31.Nf2 g5 32.Kf1 Be7 33.Nh3 g4 34.Ng1 h5 35.Qd1 
Qa6+ 36.Qe2 Qc6 37.Qd1 Bf6 38.Ne2 Kf7 39.Qc1 Qa6 40.Qc2 Ke8 41.Nc1 Kd7 42.
Bf2 Nc8 43.Kg2 Ne7 44.Kg1 Ng6 45.Kf1 h4 46.Kg2 h3+ 47.Kf1 Bd8 48.Kg1 Nh8 
49.Kf1 Nf7 50.Kg1 Qc6 51.Qxc6+ Kxc6 52.Kf1 Nd6 53.Ke1 Nf8 54.Kd1 Nd7 55.
Na2 Nb6 56.Be1 Be7 57.Bd2 Ndc4 58.Be1 Nxa4 59.bxa4 Nb6 60.Bd2 Nxa4 61.Nac1
Nb2+ 62.Kc2 Nc4 63.Nb3 a4 64.Nc5 b3+ 65.Kd1 b2 66.Nc3 a3 67.Ke2 Nxd2 0-1

[Event "Mediterranean zonal 5 (w)"]
[Site "Sparta GRE"]
[Date "1991.??.??"]
[Round "7"]
[White "Vuksanovic, Sanja"]
[Black "Giaidzi, Aspasia"]
[Result "1-0"]
[WhiteElo "2200"]
[BlackElo "1985"]
[EventDate "1991.??.??"]
[PlyCount "87"]

1.e4 c5 2.Nc3 Nc6 3.g3 g6 4.Bg2 Bg7 5.f4 d6 6.d3 Nf6 7.Nf3 O-O 8.O-O Nd4 
9.h3 Rb8 10.Be3 e5 11.fxe5 dxe5 12.Qd2 Nh5 13.Kh2 Be6 14.Ng5 Bd7 15.Nd5 b6
16.c3 Ne6 17.Rf2 h6 18.Nf3 f5 19.Bxh6 f4 20.g4 Bxh6 21.gxh5 Ng5 22.Rg1 
Nxf3+ 23.Bxf3 g5 24.Bg4 Kh8 25.Qe2 Bc6 26.c4 b5 27.b3 b4 28.Bf5 Bd7 29.Bg6
Be6 30.Qb2 Qd6 31.a3 a5 32.Ra1 Bd7 33.axb4 axb4 34.Ra7 Ra8 35.Rb7 Rab8 36.
Rxb8 Rxb8 37.Qa1 Bg7 38.Ra2 g4 39.hxg4 Bxg4 40.Ra6 Qf8 41.h6 Bf6 42.Nxf6 
Qxh6+ 43.Nh5 Qg5 44.Ra8 1-0

[Event "Mediterranean zonal 5 (w)"]
[Site "Sparta GRE"]
[Date "1991.??.??"]
[Round "8"]
[White "Botsari, Anna-Maria"]
[Black "Causon, Muriel"]
[Result "1-0"]
[WhiteElo "2285"]
[BlackElo "1895"]
[EventDate "1991.??.??"]
[PlyCount "35"]

1.d4 Nf6 2.c4 e6 3.Nc3 Bb4 4.Qc2 c5 5.dxc5 Bxc5 6.Nf3 O-O 7.Bg5 b6 8.e4 d6
9.a3 e5 10.Rd1 Nc6 11.Nd5 Nd4 12.Nxd4 Bxd4 13.Rd3 h6 14.Nxf6+ gxf6 15.Bxh6
Re8 16.Qe2 Kh7 17.Qh5 Be6 18.Rg3 1-0

[Event "Mediterranean zonal 5 (w)"]
[Site "Sparta GRE"]
[Date "1991.??.??"]
[Round "8"]
[White "Giaidzi, Aspasia"]
[Black "Kondou, Eva"]
[Result "0-1"]
[WhiteElo "1985"]
[BlackElo "2175"]
[EventDate "1991.??.??"]
[PlyCount "80"]

1.g3 c5 2.Bg2 g6 3.f4 Bg7 4.Nf3 Nc6 5.e4 e5 6.d3 Nge7 7.Nc3 d6 8.O-O O-O 
9.Kh1 Rb8 10.Nh4 exf4 11.Bxf4 h6 12.Be3 Be6 13.Nd5 Bxd5 14.exd5 Nd4 15.c3 
Ndf5 16.Nxf5 Nxf5 17.Bf4 h5 18.Qd2 Kh7 19.Rae1 Qc7 20.Re2 Rbe8 21.Rfe1 
Rxe2 22.Qxe2 Bf6 23.Be4 Re8 24.Qf2 Ng7 25.Bd2 Bd8 26.d4 f5 27.Bd3 Rxe1+ 
28.Bxe1 cxd4 29.Qxd4 Qe7 30.Bd2 Bb6 31.Qf4 Qf6 32.Kg2 Kg8 33.h3 g5 34.Qf3 
Kf7 35.Qe2 g4 36.h4 Kg6 37.Bf4 Qf7 38.Bc4 Qc7 39.Bb5 Qc5 40.Be8+ Kh7 0-1

[Event "Mediterranean zonal 5 (w)"]
[Site "Sparta GRE"]
[Date "1991.??.??"]
[Round "8"]
[White "Ipek, Nilufer"]
[Black "Markovic, Gordana"]
[Result "1-0"]
[WhiteElo "2065"]
[BlackElo "2260"]
[EventDate "1991.??.??"]
[PlyCount "163"]

1.e4 e5 2.d4 exd4 3.Nf3 Nc6 4.Nxd4 Nf6 5.Nxc6 bxc6 6.e5 Qe7 7.Qe2 Nd5 8.c4
Ba6 9.Nd2 Nb4 10.Nf3 c5 11.a3 Nc6 12.Bf4 h6 13.Qe3 O-O-O 14.O-O-O g5 15.
Bg3 Bg7 16.Be2 f5 17.exf6 Qxf6 18.Rd2 d6 19.Qb3 Rhe8 20.Rhd1 Re4 21.Qa4 
Bb7 22.Bd3 Re7 23.Ne1 Kb8 24.f3 Nd4 25.Kb1 Rde8 26.Ka2 Qf7 27.Bf2 Bc6 28.
Qa5 Ka8 29.Bxd4 Bxd4 30.Nc2 Bg7 31.a4 Rb8 32.Na3 Rb7 33.Nb5 Qf6 34.Qa6 d5 
35.Be4 Bxb5 36.cxb5 Rxe4 37.Qxf6 Bxf6 38.fxe4 d4 39.Rf1 Rb6 40.Rf5 a6 41.
e5 Be7 42.bxa6 Ka7 43.Kb1 Kxa6 44.Kc2 Ka5 45.b3 Kb4 46.Rd3 Re6 47.Rd1 g4 
48.Kd3 Bg5 49.Ra1 Kxb3 50.Rb1+ Ka2 51.Rb5 Be3 52.Rxc5 Rb6 53.Rb5 Rc6 54.
Rf1 Rc3+ 55.Ke4 c5 56.a5 Bg5 57.Rf2+ Ka1 58.Rf1+ Ka2 59.a6 Ra3 60.Rf2+ Ka1
61.Rxc5 d3 62.Rd5 d2 63.Rfxd2 Bxd2 64.Rxd2 Rxa6 65.Kf5 Kb1 66.Kxg4 Kc1 67.
Rd6 Ra2 68.Rxh6 Rxg2+ 69.Kf5 Rf2+ 70.Ke6 Kd2 71.Ke7 Ke3 72.e6 Ke4 73.Rh5 
Kf4 74.Ke8 Kg4 75.Rh7 Kg5 76.e7 Kg6 77.Rh3 Kf6 78.Kf8 Ke6+ 79.Ke8 Kf6 80.
Rd3 Rb2 81.Kf8 Rxh2 82.Rf3+ 1-0

[Event "Mediterranean zonal 5 (w)"]
[Site "Sparta GRE"]
[Date "1991.??.??"]
[Round "8"]
[White "Maksimovic, Suzana"]
[Black "Vuksanovic, Sanja"]
[Result "1-0"]
[WhiteElo "2290"]
[BlackElo "2200"]
[EventDate "1991.??.??"]
[PlyCount "61"]

1.d4 e6 2.c4 Nf6 3.Nc3 Bb4 4.e3 O-O 5.Bd3 d5 6.Nf3 c5 7.O-O dxc4 8.Bxc4 
cxd4 9.exd4 b6 10.Bg5 Bb7 11.Rc1 Nbd7 12.Qe2 Bxc3 13.Rxc3 Qb8 14.Re1 Qd6 
15.Ne5 Ne4 16.Qg4 Qxd4 17.Rxe4 Bxe4 18.Nxd7 f5 19.Bxe6+ Kh8 20.Qh5 Rfe8 
21.Bf7 Bf3 22.gxf3 Re1+ 23.Kg2 Qxd7 24.Rc4 Qd6 25.Rh4 h6 26.Bxh6 gxh6 27.
Qg5 Kh7 28.Qxf5+ Kh8 29.Bg6 Qf8 30.Qg5 Qg7 31.Rxh6+ 1-0

[Event "Mediterranean zonal 5 (w)"]
[Site "Sparta GRE"]
[Date "1991.??.??"]
[Round "8"]
[White "Makropoulou, Marina"]
[Black "Petraki, Maria"]
[Result "1-0"]
[WhiteElo "2290"]
[BlackElo "2035"]
[EventDate "1991.??.??"]
[PlyCount "61"]

1.e4 e6 2.d4 d5 3.Nc3 Bb4 4.e5 c5 5.Bd2 Nc6 6.Nb5 Bxd2+ 7.Qxd2 Nxd4 8.Nxd4
cxd4 9.f4 Ne7 10.Nf3 Bd7 11.Nxd4 Qb6 12.O-O-O O-O 13.h4 Rac8 14.h5 Rc5 15.
Kb1 Rfc8 16.Rh3 Ba4 17.Rc1 Nc6 18.Nb3 Bxb3 19.Rxb3 Qc7 20.Rb5 Nd4 21.Rxc5 
Qxc5 22.Bd3 Rc6 23.Rd1 Nb5 24.Bxb5 Qxb5 25.h6 g6 26.f5 exf5 27.Qg5 Qb6 28.
b3 d4 29.Qh4 Rc8 30.Rxd4 Re8 31.Rd6 1-0

[Event "Mediterranean zonal 5 (w)"]
[Site "Sparta GRE"]
[Date "1991.??.??"]
[Round "8"]
[White "Maric, Mirjana"]
[Black "Petek, Mirjana"]
[Result "1/2-1/2"]
[WhiteElo "2245"]
[BlackElo "2225"]
[EventDate "1991.??.??"]
[PlyCount "94"]

1.e4 c6 2.d4 g6 3.Nc3 Bg7 4.h3 d5 5.Nf3 dxe4 6.Nxe4 Nd7 7.Bc4 Ngf6 8.Ng3 
O-O 9.O-O Nb6 10.Bd3 Be6 11.Qe2 Nfd5 12.a3 Qc7 13.Ne5 Rad8 14.c4 Nf6 15.
Be3 Ne8 16.Nf3 Bc8 17.Rfe1 c5 18.dxc5 Na4 19.b4 Bxa1 20.Rxa1 b6 21.Bc2 b5 
22.cxb5 Nc3 23.Qc4 Nd5 24.Bh6 Ng7 25.a4 Be6 26.Qh4 Nf6 27.Re1 Rfe8 28.Bf4 
Qc8 29.Be5 Bd5 30.Ng5 h5 31.Bxf6 exf6 32.N5e4 Kf8 33.Qxf6 Re6 34.Qa1 Rde8 
35.f3 f5 36.Rd1 fxe4 37.Rxd5 exf3 38.Rd1 h4 39.Qc3 f2+ 40.Kxf2 hxg3+ 41.
Qxg3 Nh5 42.Qc3 Rf6+ 43.Kg1 Qe6 44.c6 Qe2 45.c7 Qf2+ 46.Kh2 Qf4+ 47.Kg1 
Qf2+ 1/2-1/2

[Event "Mediterranean zonal 5 (w)"]
[Site "Sparta GRE"]
[Date "1991.??.??"]
[Round "9"]
[White "Causon, Muriel"]
[Black "Makropoulou, Marina"]
[Result "0-1"]
[WhiteElo "1895"]
[BlackElo "2290"]
[EventDate "1991.??.??"]
[PlyCount "58"]

1.d4 Nf6 2.c4 g6 3.Nc3 Bg7 4.Bg5 h6 5.Bxf6 Bxf6 6.Nf3 Bg7 7.e3 d6 8.Be2 
O-O 9.O-O c6 10.Qc2 e5 11.Rad1 Qe7 12.dxe5 dxe5 13.Nd2 Na6 14.Nde4 f5 15.
Nd2 Be6 16.e4 Kh8 17.exf5 gxf5 18.a3 Nc7 19.Na4 Rae8 20.Bh5 Rd8 21.b4 b6 
22.c5 Nd5 23.cxb6 Nf4 24.Bf3 e4 25.g3 Nh3+ 26.Kg2 exf3+ 27.Kxh3 f4+ 28.g4 
Qg5 29.Rg1 Qh5# 0-1

[Event "Mediterranean zonal 5 (w)"]
[Site "Sparta GRE"]
[Date "1991.??.??"]
[Round "9"]
[White "Kondou, Eva"]
[Black "Maksimovic, Suzana"]
[Result "0-1"]
[WhiteElo "2175"]
[BlackElo "2290"]
[EventDate "1991.??.??"]
[PlyCount "70"]

1.e4 c5 2.Nf3 Nc6 3.d4 cxd4 4.Nxd4 e6 5.Nb5 Nf6 6.N1c3 d6 7.Bf4 e5 8.Bg5 
a6 9.Na3 b5 10.Bxf6 gxf6 11.Nd5 Bg7 12.c3 f5 13.exf5 Bxf5 14.Nc2 Be6 15.
Nce3 Ne7 16.g3 Nxd5 17.Nxd5 O-O 18.Bg2 f5 19.O-O Rc8 20.Qh5 Rc5 21.Rad1 e4
22.Ne3 Bxa2 23.Rd2 Bb3 24.g4 fxg4 25.Qxg4 Re5 26.Kh1 Kh8 27.Bxe4 Be6 28.
Qg2 Qh4 29.f4 Bh3 30.fxe5 Bxg2+ 31.Bxg2 Rxf1+ 32.Nxf1 Bxe5 33.Bd5 Qe1 34.
Kg1 Bf4 35.Rd3 Bxh2+ 0-1

[Event "Mediterranean zonal 5 (w)"]
[Site "Sparta GRE"]
[Date "1991.??.??"]
[Round "9"]
[White "Markovic, Gordana"]
[Black "Maric, Mirjana"]
[Result "0-1"]
[WhiteElo "2260"]
[BlackElo "2245"]
[EventDate "1991.??.??"]
[PlyCount "56"]

1.f4 d5 2.Nf3 c5 3.e3 Nc6 4.d4 Bg4 5.c3 e6 6.Nbd2 Bd6 7.Bd3 Nge7 8.O-O 
cxd4 9.cxd4 Qb6 10.a3 a5 11.Qa4 O-O 12.Nb3 f6 13.Bd2 Bf5 14.Bxf5 Nxf5 15.
Kh1 e5 16.fxe5 fxe5 17.dxe5 Nxe5 18.e4 Ne3 19.Bxe3 Qxe3 20.Nxe5 Bxe5 21.
exd5 Rxf1+ 22.Rxf1 Qd3 23.Re1 Rf8 24.Kg1 b5 25.Qg4 Qxd5 26.Nxa5 Qd2 27.
Qe6+ Kh8 28.Qxe5 Qf2+ 0-1

[Event "Mediterranean zonal 5 (w)"]
[Site "Sparta GRE"]
[Date "1991.??.??"]
[Round "9"]
[White "Petraki, Maria"]
[Black "Giaidzi, Aspasia"]
[Result "1/2-1/2"]
[WhiteElo "2035"]
[BlackElo "1985"]
[EventDate "1991.??.??"]
[PlyCount "98"]

1.d4 Nf6 2.c4 g6 3.Nc3 Bg7 4.e4 d6 5.Be2 O-O 6.Bg5 c5 7.d5 a6 8.a4 e6 9.
Qd2 exd5 10.exd5 Re8 11.Nf3 Bg4 12.O-O Nbd7 13.h3 Bxf3 14.Bxf3 Qb6 15.Qc2 
h6 16.Bd2 Re7 17.Rae1 Rae8 18.Rxe7 Rxe7 19.Be2 Nh7 20.f4 Bd4+ 21.Kh2 f5 
22.Bf3 Qd8 23.Re1 Rxe1 24.Bxe1 Qe8 25.Qe2 Qxe2 26.Bxe2 Kf7 27.a5 Be3 28.g3
g5 29.Bh5+ Kf6 30.Ne2 Nhf8 31.Bc3+ Ke7 32.Bg7 Nf6 33.Bf3 Kf7 34.Bxh6 g4 
35.hxg4 fxg4 36.Bg2 N8h7 37.Bg5 Nxg5 38.fxg5 Bxg5 39.Nf4 Nd7 40.Ne6 Bd2 
41.Be4 Bxa5 42.Bd3 Ne5 43.Be2 Kf6 44.Kg2 Bd2 45.Kf2 Bc1 46.b3 Bd2 47.Nd8 
Ke7 48.Ne6 Kd7 49.Ng7 Ke7 1/2-1/2

[Event "Mediterranean zonal 5 (w)"]
[Site "Sparta GRE"]
[Date "1991.??.??"]
[Round "9"]
[White "Petek, Mirjana"]
[Black "Botsari, Anna-Maria"]
[Result "0-1"]
[WhiteElo "2225"]
[BlackElo "2285"]
[EventDate "1991.??.??"]
[PlyCount "92"]

1.d4 Nf6 2.Nf3 e6 3.e3 c5 4.Bd3 b6 5.b3 Bb7 6.Bb2 Qc7 7.Nbd2 Nc6 8.c4 cxd4
9.exd4 d5 10.Rc1 Bd6 11.O-O O-O 12.cxd5 Nxd5 13.Ne5 Ndb4 14.Bb1 Rfd8 15.f4
Qe7 16.a3 Bxe5 17.fxe5 Nxd4 18.Bxd4 Rxd4 19.axb4 Qg5 20.Rf2 Rad8 21.Qc2 
Rxd2 22.Qxh7+ Kf8 23.Rxf7+ Kxf7 24.Bg6+ Qxg6 25.Rf1+ Ke7 26.Qxg6 Rxg2+ 27.
Qxg2 Bxg2 28.Kxg2 Rd5 29.Re1 Rd2+ 30.Kg3 Rd3+ 31.Kg4 Rxb3 32.Kg5 Rxb4 33.
Rc1 Rd4 34.h4 Kd7 35.h5 Re4 36.Kg6 Rxe5 37.Rh1 Ke7 38.Rf1 Ke8 39.Rh1 Kf8 
40.Rc1 Rc5 41.Rf1+ Rf5 42.Rc1 Rf6+ 43.Kg5 Kg8 44.Rc7 a5 45.Rb7 e5 46.Re7 
Kh7 0-1

[Event "Mediterranean zonal 5 (w)"]
[Site "Sparta GRE"]
[Date "1991.??.??"]
[Round "9"]
[White "Vuksanovic, Sanja"]
[Black "Ipek, Nilufer"]
[Result "1-0"]
[WhiteElo "2200"]
[BlackElo "2065"]
[EventDate "1991.??.??"]
[PlyCount "69"]

1.e4 c5 2.Nf3 e6 3.d4 cxd4 4.Nxd4 Nf6 5.Nc3 d6 6.f4 Nc6 7.Nf3 Be7 8.Bd3 a6
9.O-O Qc7 10.Kh1 b5 11.Qe1 Bb7 12.e5 dxe5 13.fxe5 Nd7 14.Bf4 g5 15.Bg3 Nc5
16.Nd5 exd5 17.e6 Nxd3 18.exf7+ Kf8 19.Qc3 Nde5 20.Nxe5 d4 21.Qe1 Bd6 22.
Rf5 Nxe5 23.Rxe5 Qc6 24.Re8+ Kg7 25.Re2 Bxg3 26.Qxg3 h6 27.Rf1 Rhf8 28.
Qe5+ Kh7 29.h4 Qd7 30.hxg5 hxg5 31.Qxg5 Rac8 32.Rf4 Bxg2+ 33.Qxg2 Rc6 34.
Qe4+ Rg6 35.Rh2+ 1-0

[Event "Mediterranean zonal 5 (w)"]
[Site "Sparta GRE"]
[Date "1991.??.??"]
[Round "10"]
[White "Giaidzi, Aspasia"]
[Black "Causon, Muriel"]
[Result "1-0"]
[WhiteElo "1985"]
[BlackElo "1895"]
[EventDate "1991.??.??"]
[PlyCount "53"]

1.Nf3 e6 2.g3 Nf6 3.Bg2 Be7 4.O-O O-O 5.d4 d5 6.Bg5 h6 7.Bf4 c5 8.c3 Nc6 
9.Nbd2 Qb6 10.Qb3 Qxb3 11.Nxb3 b6 12.dxc5 bxc5 13.c4 Ba6 14.Nbd2 dxc4 15.
Ne5 Nxe5 16.Bxa8 Rxa8 17.Bxe5 Rd8 18.Bc3 Nd5 19.Rfd1 Nxc3 20.bxc3 f5 21.
Rac1 Bf6 22.Kf1 Bb5 23.Nb1 Rb8 24.Ke1 Rb6 25.Rd2 Kh7 26.Rb2 a6 27.a4 1-0

[Event "Mediterranean zonal 5 (w)"]
[Site "Sparta GRE"]
[Date "1991.??.??"]
[Round "10"]
[White "Ipek, Nilufer"]
[Black "Maric, Mirjana"]
[Result "1-0"]
[WhiteElo "2065"]
[BlackElo "2245"]
[EventDate "1991.??.??"]
[PlyCount "81"]

1.d4 Nf6 2.Nf3 e6 3.e3 d5 4.Bd3 c5 5.b3 Be7 6.Bb2 O-O 7.Nbd2 b6 8.Qe2 a5 
9.Ne5 Qc7 10.O-O Nc6 11.a3 Nd7 12.f4 g6 13.Rf3 Bf6 14.Raf1 Bg7 15.h4 Nf6 
16.Rh3 Bb7 17.Rff3 c4 18.bxc4 dxc4 19.Ndxc4 Nxe5 20.fxe5 Bxf3 21.Qxf3 Nd7 
22.h5 Rfd8 23.Nd6 Nf8 24.Ne4 h6 25.Nf6+ Kh8 26.hxg6 fxg6 27.Qf4 Nh7 28.
Nxh7 Kxh7 29.Rg3 Kg8 30.Rxg6 Qf7 31.Qg4 Kh8 32.Qe4 Qf5 33.Qxa8 Rxa8 34.
Bxf5 exf5 35.Rxb6 Rc8 36.c3 Ra8 37.e6 Kg8 38.a4 Kf8 39.Ba3+ Ke8 40.Rb7 Bf6
41.Rf7 1-0

[Event "Mediterranean zonal 5 (w)"]
[Site "Sparta GRE"]
[Date "1991.??.??"]
[Round "10"]
[White "Maksimovic, Suzana"]
[Black "Petraki, Maria"]
[Result "1-0"]
[WhiteElo "2290"]
[BlackElo "2035"]
[EventDate "1991.??.??"]
[PlyCount "101"]

1.d4 e6 2.Bf4 Nf6 3.e3 b6 4.Nf3 Bb7 5.Nbd2 d6 6.h3 Nbd7 7.Bd3 Qe7 8.e4 e5 
9.Bg5 g6 10.O-O Bg7 11.Re1 O-O 12.c3 Rfe8 13.a4 Nf8 14.a5 Ne6 15.Bc4 h6 
16.Bxe6 Qxe6 17.d5 Qd7 18.Be3 Nh5 19.Qa4 Qe7 20.Nf1 f5 21.Ng3 f4 22.Nxh5 
gxh5 23.Bd2 Bf6 24.c4 Kh7 25.Kh2 Rg8 26.axb6 axb6 27.Qd1 Qg7 28.Rg1 Rxa1 
29.Qxa1 Bc8 30.b4 Qg6 31.Qb1 Bd7 32.Qd3 Rg7 33.Bc1 Rg8 34.Ba3 Rg7 35.c5 
bxc5 36.bxc5 Be7 37.c6 Bc8 38.Bb4 Bf6 39.Ba5 Bd8 40.Nd2 Bh4 41.Qe2 Bxh3 
42.Nf3 Bg4 43.Nxh4 Qf6 44.Nf3 Bxf3 45.Qxf3 Qh4+ 46.Qh3 Qxf2 47.Be1 Qc2 48.
Qf5+ Kg8 49.Bh4 Qe2 50.Bf6 Rf7 51.Rb1 1-0

[Event "Mediterranean zonal 5 (w)"]
[Site "Sparta GRE"]
[Date "1991.??.??"]
[Round "10"]
[White "Makropoulou, Marina"]
[Black "Petek, Mirjana"]
[Result "1/2-1/2"]
[WhiteElo "2290"]
[BlackElo "2225"]
[EventDate "1991.??.??"]
[PlyCount "134"]

1.e4 e6 2.d4 d5 3.Nc3 Nc6 4.Nf3 Nf6 5.e5 Ne4 6.Bd3 Bb4 7.O-O Nxc3 8.bxc3 
Bxc3 9.Rb1 h6 10.Bb5 Bd7 11.Rb3 Ba5 12.c4 a6 13.Ba4 dxc4 14.Rxb7 Bb6 15.d5
exd5 16.Qxd5 Ne7 17.Qxc4 Bxa4 18.Qxa4+ Qd7 19.Qb3 Qd5 20.Rxb6 cxb6 21.Qb4 
Qd7 22.e6 fxe6 23.Ne5 Qb5 24.Qf4 Rf8 25.Qg3 g5 26.Ba3 Rf5 27.Ng4 Rd8 28.
Qc3 Rd3 29.Qh8+ Kd7 30.Bxe7 Kxe7 31.Qxh6 Rf7 32.Qh8 Qf5 33.h3 Rd8 34.Qb2 
Qb5 35.Qa3+ Rd6 36.Qc3 Qc5 37.Qb2 Qd4 38.Qc1 Rf5 39.Qc7+ Rd7 40.Qc8 a5 41.
Qg8 a4 42.Re1 Rd6 43.Ne3 Rc5 44.g4 Kd7 45.Rd1 Qf4 46.Rxd6+ Qxd6 47.Qf7+ 
Kc6 48.Qa7 Kb5 49.Qg7 a3 50.Qg6 Qe5 51.Qd3+ Kc6 52.Qxa3 Rc3 53.Qa8+ Kb5 
54.Qe8+ Kb4 55.Qe7+ Rc5 56.Kg2 Kc3 57.Qa7 Qe4+ 58.Kg3 Qb1 59.Qg7+ Kd2 60.
Qd7+ Qd3 61.Qxe6 b5 62.h4 gxh4+ 63.Kxh4 Qh7+ 64.Kg3 Qc7+ 65.Kf3 Qb7+ 66.
Kg3 Qc7+ 67.Kf3 Qb7+ 1/2-1/2

[Event "Mediterranean zonal 5 (w)"]
[Site "Sparta GRE"]
[Date "1991.??.??"]
[Round "10"]
[White "Vuksanovic, Sanja"]
[Black "Kondou, Eva"]
[Result "0-1"]
[WhiteElo "2200"]
[BlackElo "2175"]
[EventDate "1991.??.??"]
[PlyCount "52"]

1.e4 c5 2.Nf3 d6 3.d4 cxd4 4.Nxd4 Nf6 5.f3 e5 6.Bb5+ Bd7 7.Bxd7+ Qxd7 8.
Nf5 d5 9.Bg5 dxe4 10.Bxf6 Qxd1+ 11.Kxd1 gxf6 12.fxe4 Rg8 13.g3 Nc6 14.Nc3 
O-O-O+ 15.Nd5 Rg4 16.Re1 Nb4 17.h3 Rg5 18.c4 b5 19.b3 Nd3 20.Re2 bxc4 21.
Kc2 Rxf5 22.exf5 Rxd5 23.bxc4 Nb4+ 24.Kb3 Rd3+ 25.Ka4 Nc6 26.Rb1 Ra3+ 0-1

[Event "Mediterranean zonal 5 (w)"]
[Site "Sparta GRE"]
[Date "1991.??.??"]
[Round "11"]
[White "Causon, Muriel"]
[Black "Maksimovic, Suzana"]
[Result "0-1"]
[WhiteElo "1895"]
[BlackElo "2290"]
[EventDate "1991.??.??"]
[PlyCount "42"]

1.e4 c5 2.Nc3 Nc6 3.Bb5 Nd4 4.a4 e6 5.Nf3 Nxb5 6.axb5 d5 7.exd5 exd5 8.d4 
Nf6 9.O-O h6 10.Re1+ Be6 11.dxc5 Bxc5 12.Ra4 O-O 13.Be3 b6 14.Bd4 Bf5 15.
b3 Ne4 16.Ne2 Re8 17.Qa1 Qc7 18.Kf1 f6 19.Nc3 Bxd4 20.Nxd4 Qxh2 21.Nf3 
Nd2+ 0-1